000
00294nam a22001217a 4500
008
230704b xxu||||| |||| 00| 0 eng d
020
_a
9966420037
082
_a
362.7
_b
KWM 1989
245
_a
Child Abuse and Neglect
260
_b
Initiative Publishers
_c
1989
300
_a
109p
942
_2
ddc
_c
BK
999
_c
3852
_d
3852